| 000 | 00408nam a2200157Ia 4500 | ||
|---|---|---|---|
| 008 | 210716s2000 xx 000 0 und d | ||
| 020 | _a8122000282 | ||
| 041 | _aeng | ||
| 082 | _a658 RAOV | ||
| 100 | _aRao, V S P; Narayana, P S. | ||
| 245 | _aPrinciples and practice of management. | ||
| 250 | _a1 | ||
| 260 |
_aNew Delhi _bKonark Publishers Pvt Ltd _c2000 |
||
| 300 | _axvi,996 | ||
| 650 | _aMANAGEMENT | ||
| 999 |
_c203463 _d203463 |
||